Click Provinces Of South Africa On A Map - Statistics

General Stats
  • This quiz has been taken 63 times
  • The average score is 7 of 9
Answers on the Map
Answers color-coded by a green-red scale on the quiz's map according to % correct below.
 
Answer Stats
Answer % Correct
Northern Cape
97%
Eastern Cape
79%
Western Cape
79%
Free State
74%
Limpopo
71%
Gauteng
68%
KwaZulu-Natal
68%
Mpumalanga
68%
North West
65%
No matching quizzes found
Score Distribution
Percent of People with Each Score
Percentile by Number Answered
Your Score History
You have not taken this quiz